Rusko a Európska únia diplomová práca

Saved in:
Bibliographic Details
Main Author: Vargová, Anita
Corporate Author: Fakulta medzinárodných vzťahov EU. Katedra medzinárodných politických vzťahov
Other Authors: Chuguryan, Simona, 1977-
Format: Book
Language:Slovak
Published: Bratislava 2012
Tags: Add Tag
No Tags, Be the first to tag this record!

MARC

LEADER 00000nbm a2200000 4500
001 0152282
005 20161109102024.8
041 0 |a slo 
044 |a SK 
245 1 0 |a Rusko a Európska únia  |b diplomová práca  |c Anita Vargová ; školiteľ: Simona Chuguryan 
264 1 |a Bratislava  |c 2012 
300 |a 79 s. 
100 1 |a Vargová, Anita 
700 1 |a Chuguryan, Simona, 1977- 
710 2 |a Fakulta medzinárodných vzťahov EU. Katedra medzinárodných politických vzťahov